000 00671nam a2200193 a 4500
001 000019196
005 20200929165940.0
008 100528s1989 cu a r 000 f spa d
040 _aDO-SdBNP
_bspa
_cBNPHU
082 _aCU863.44
_bM942
245 0 0 _aJóvenes creadores de cuento :
_blos muchachos se divierten, nuevos cuentistas cubanos /
_cselección Senel Paz ; ilustraciones Régulo Cabrera Llanes.
260 _aLa Habana :
_bEditora Abril,
_c1989.
300 _a180 p. :
_bil. ;
_c19 cm.
650 4 _aCuentos cubanos
_91482
650 4 _aLiteratura cubana
_91483
700 1 _aPaz, Senel,
_941307
700 1 _aCabrera Llanes, Régulo,
_eil.
_941308
049 _aBNGR
999 _c18714
_d18714